000 00878nam a22002897a 4500
003 CHAP
005 20220817042110.0
008 971013s1985 r 00010 d
010 _a34507
011 _a35479
035 _a39595
040 _cCHAP
090 _aFolleto 9037
110 _aOhio State University.
_bOhio Agricultural Research and Development Center
_982854
245 _aOrnamental plants-1985
_b: a summary of research
260 _aWooster :
_bThe University,
_c1985
300 _a47 p.
_b: ilus.
490 _aResearch circular
_v; 284
590 _aBATCH-UPD
_b10
_c20130110
_lUCH01
_h1550
590 _aCONVERSION
_b10
_c20130109
_lUCH01
_h1319
650 1 4 _aFlores.
_941358
650 1 4 _aPlantas ornamentales.
830 0 _aResearch circular
_v; 284
_996063
901 _aBK
942 _cFOLL
949 _aFolleto 9037
_bBC
_cFOLL
_d-90263
_eTS1
_i39595
_si
999 _c34507
_d34507